000 00870nam a22001817a 4500
999 _c61931
_d61931
003 Ge_BSU
005 20240612102539.0
008 240612s1962 ge ||||| |||| 00| 0 geo d
041 _ageo
080 _a614.2(47+57) ს-34
100 _aსაყვარელიძე, ს.
_922385
245 _aჯანმრთელობის დაცვის საკითხები სკკპ ახალ პროგრამაში /
_cს. საყვარელიძე; რედ. ნ. კუპრავა.
264 _aთბილისი :
_bსაბჭ. საქართველო,
_c1962.
300 _a71 გვ. ;
_b20 სმ.
653 _aჯანმრთელობის დაცვა საბჭოთა კავშირში
653 _aსკკპ პროგრამა, 1961 წ.
942 _2udc
_cᲬᲘᲒᲜᲘ